000 00569nam a2200181 i 4500
001 132847
003 ES-MaACL
005 20230906194249.0
007 t|
008 070214s1914 fr f |||| | fre d
080 _a75(44)"18"
100 1 _aRosenthal, Léon.
_999763
245 1 3 _aDu romantisme au réalisme
_b: essai sur l'evolution de la peinture en France au 1830 a 1848 /
_cLéon Rosenthal.
260 _aParis :
_bH. Laurens,
_c1914.
300 _aIV, 436 p., 24 lám. ;
_c26 cm.
650 4 _aPintura francesa-
_yS.XIX.
_9156487
852 _aES-MaACL
_jG-4722
999 _c132847
_d132847